000 00741nam a2200241Ia 4500
005 20260430150633.0
008 008 250103s9999 xx 000 0 eng d
037 _aTheses
040 _aCRL
040 _beng
040 _ceng
041 _2eng
041 _aeng
084 _qCRL
100 _aBohot Monika Au.; Chakrabarti Rina Gu.; Purohit J. S. Gu.; Chaturvedi M. M. Gu.
_91238067
245 0 _aIdentification of the Histone H2A Specific Protease (H2Aase) and Exploring the Interacting Proteins in Chicken Liver Nuclear Extract
260 _c2023
300 _a106p.
650 _aZoology
700 _aUniversity of Delhi. Faculty of Science. Deptt. of Zoology
_91237953
942 _cTH
999 _c1850269
_d1850269